Briefing (Record no. 80627)

MARC details
000 -LEADER
fixed length control field 01139cab a22002175a 4500
001 - CONTROL NUMBER
control field L144891
008 - FIXED-LENGTH DATA ELEMENTS--GENERAL INFORMATION
fixed length control field 080818s2008 xxko f 000 0 eng d
035 ## - SYSTEM CONTROL NUMBER
System control number (Sirsi) u144891
041 0# - LANGUAGE CODE
Language code of text/sound track or separate title eng
100 1# - MAIN ENTRY--PERSONAL NAME
Personal name Walter, Mike
245 00 - TITLE STATEMENT
Title Briefing
Remainder of title flood risk sites should be no barrier to development
260 ## - PUBLICATION, DISTRIBUTION, ETC.
Date of publication, distribution, etc. 2008
490 ## - SERIES STATEMENT
Series statement Proceedings of the Institution of Civil Engineers
-- Urban Design and Planning
Volume/sequential designation 161 (DP2) June 2008, 47-48 (2)
520 ## - SUMMARY, ETC.
Summary, etc. Explains that areas at risk of flooding can still be considered for development as long as the right foundations are chosen. Mentions that these include: foundations raised clear of the ground, made of precast concrete or lightweight steel; and the use of house foundations to incorporate geothermal heating technology. Discusses these techniques and the procedures to implement them. Pictures.
590 ## - LOCAL NOTE (RLIN)
Local note KA
651 #4 - SUBJECT ADDED ENTRY--GEOGRAPHIC NAME
Geographic name United Kingdom
Chronological subdivision
690 ## - LOCAL SUBJECT ADDED ENTRY--TOPICAL TERM (OCLC, RLIN)
Topical term or geographic name as entry element ENVIRONMENTAL AND LAND CONSULTANCY-WATER RESOURCE MANAGEMENT-FLOODING
690 ## - LOCAL SUBJECT ADDED ENTRY--TOPICAL TERM (OCLC, RLIN)
Topical term or geographic name as entry element Planning and development
9 (RLIN) 6259
690 ## - LOCAL SUBJECT ADDED ENTRY--TOPICAL TERM (OCLC, RLIN)
Topical term or geographic name as entry element BUILT ENVIRONMENT-BUILDING ELEMENTS-COMPLETE BUILDING ELEMENTS-FOUNDATIONS
942 ## - ADDED ENTRY ELEMENTS (KOHA)
Suppress in OPAC 0
Holdings
Withdrawn status Lost status Source of classification or shelving scheme Damaged status Not for loan Home library Current library Shelving location Date acquired Total Checkouts Full call number Barcode Date last seen Copy number Price effective from Koha item type
    Dewey Decimal Classification     London London Journal article 18/08/2008   L144891 144891-1001 06/08/2019 1 06/08/2019 Journal article